000 00535nam a2200217Ia 4500
003 OSt
005 20220924134036.0
006 a|||||r|||| 00| 0
007 ta
008 220923b |||||||| |||| 00| 0 snd d
024 _a271930
037 _cTextual
040 _aARTS
_cARTS
_bsnd
041 _2snd
_asnd
082 _aO152,3NSS,ST, 1593J1
100 _aSanami
_9207955
245 0 _aSindhi talwar
260 _c1951
942 _hO152,3NSS,ST, 1593J1
_cTEXL
_2CC
999 _c436216
_d436216